Créateurs de dessins animés - Statistiques

Statistiques générales
  • Ce quiz a été pris 57 fois
  • Le résultat moyen est 5 sur 10
Statistiques - réponses
Dessin animé Créateur % Correct
Les Ratz Monsieur Z
100%
Titeuf Zep
100%
Les Simpsons Matt Groening
67%
Miraculous Thomas Astruc
67%
Winx Club Iginio Straffi
50%
My little pony Lauren Faust
50%
Garfield Jim Davis
17%
La panthère rose Blake Edwards
0%
Mes parrains sont magiques Butch Hartman
0%
Oggy et les cafards Jean-Yves Rimbaud
0%
Aucun quiz correspondant
Distribution des résultats
% des personnes avec chaque résultat
Percentile par nombre de réponses
Votre historique - résultats
Vous n’avez pas pris ce quiz